| 000 | 00352nam a22001217a 4500 | ||
|---|---|---|---|
| 999 |
_c1355 _d1355 |
||
| 005 | 20200828163056.0 | ||
| 008 | 200828b ||||| |||| 00| 0 eng d | ||
| 020 | _a0773046844 | ||
| 040 | _cCML | ||
| 245 |
_aInsights: Science.9 _cJolliffe, L & others |
||
| 260 |
_aToronto _bCopp Clark Pitman Ltd _c1988 |
||
| 942 |
_2ddc _cBK _h507 _mINS |
||